00361nam a22001457a 4500020001800000082001300018100001900031245005500050260002800105300001000133504002100143563000700164650001800171650002600189 a9786017367084 a904bBAI aBaibatsha,A.B  aAnthropogenic history of Kazakhstan/cM.SH. Alinov aAlmaty:bBastau;c2012. a276p. akazakhstan books aPB aAnthropogenic ahistory of kazakhstan